书目信息 |
| 题名: |
王老师和小学生谈作文
|
|
| 作者: | 王有声 著 | |
| 分册: | ||
| 出版信息: | 石家庄 河北人民出版社 1978 |
|
| 页数: | 250页 | |
| 开本: | 19cm | |
| 丛书名: | ||
| 单 册: | ||
| 中图分类: | G624.24 | |
| 科图分类: | ||
| 主题词: | 作文--小学--教学参考资料 | |
| 电子资源: | ||
| ISBN: | 7086.965 | |
| 000 | 00671nam0 2200241 450 | |
| 001 | 0178004810 | |
| 005 | 20130329124652.0 | |
| 010 | @a7086.965@dCNY0.47 | |
| 091 | @a7086.965 | |
| 100 | @a20130329d1978 cemy0chiy0110 ea | |
| 101 | 0 | @achi |
| 102 | @aCN@b130000 | |
| 105 | @ay z 000yy | |
| 106 | @ar | |
| 200 | 1 | @a王老师和小学生谈作文@9Wang Lao Shi He;Huo;Hu Xiao Xue Sheng Tan Zuo Wen @f王有声著 |
| 205 | @a2版 | |
| 210 | @a石家庄@c河北人民出版社@d1978 | |
| 215 | @a250页@d19cm | |
| 606 | 0 | @a作文@x小学@x教学参考资料 |
| 690 | @aG624.24@v3 | |
| 701 | 0 | @a王有声@9wang you sheng@4著 |
| 801 | 0 | @aCN@bAzMarc@c20130904 |
| 905 | @aBZT@dG624.24@e7@f1@sG624.24/7 | |
| 王老师和小学生谈作文/王有声著.-2版.-石家庄:河北人民出版社,1978 |
| 250页;19cm |
| ISBN 7086.965:CNY0.47 |
| ● |
| 相关链接 |
|
|
|
正题名:王老师和小学生谈作文
索取号:G624.24/7
 
预约/预借
| 序号 | 登录号 | 条形码 | 馆藏地/架位号 | 状态 | 备注 |
| 1 | 2000150736 | 2000150736 | 旧书回溯/ [索取号:G624.24/7] | 在馆 |